[Event "11th LCC Super Blitz KO 2019"]
[Site "London"]
[Date "2019.12.08"]
[Round "1.2"]
[White "Petrov, Martin"]
[Black "Speelman, Jon S"]
[Result "1-0"]
[WhiteElo "2497"]
[BlackElo "2509"]
[Annotator "ChessBase"]
[PlyCount "113"]
[EventDate "2019.12.08"]
[EventType "k.o."]
[EventCountry "ENG"]
[SourceTitle "playchess.com"]
[Source "ChessBase"]
[SourceQuality "1"]
[TimeControl "180+2"]

1. e4 {[%emt 0:00:00]} c6 {[%emt 0:00:00]} 2. d4 {[%emt 0:00:00]} d5 {[%emt 0:00:00]} 3. e5 {[%emt 0:00:01]} Bf5 {[%emt 0:00:00]} 4. Nf3 {[%emt 0:00:01]} e6 {[%emt 0:00:01]} 5. Be2 {[%emt 0:00:01]} Nd7 {[%emt 0:00:01]} 6. O-O {[%emt 0:00:02]} Ne7 {[%emt 0:00:02]} 7. a4 {[%emt 0:00:04]} h6 {[%emt 0:00:02]} 8. a5 {[%emt 0:00:01]} a6 {[%emt 0:00:01]} 9. b4 {[%emt 0:00:01]} g5 {[%emt 0:00:03]} 10. Nc3 {[%emt 0:00:03]} Bg7 {[%emt 0:00:01]} 11. Na4 {[%emt 0:00:06]} Qc7 {[%emt 0:00:03]} 12. Ne1 {[%emt 0:00:27]} O-O {[%emt 0:00:09]} 13. f4 {[%emt 0:00:04]} gxf4 {[%emt 0:00:19]} 14. Bxf4 {[%emt 0:00:02]} Ng6 {[%emt 0:00:02]} 15. Bg3 {[%emt 0:00:01]} Qd8 {[%emt 0:00:01]} 16. Ra3 {[%emt 0:00:38]} f6 {[%emt 0:00:02]} 17. exf6 {[%emt 0:00:05]} Nxf6 {[%emt 0:00:07]} 18. Nc5 {[%emt 0:00:01]} Qe7 {[%emt 0:00:01]} 19. Bd3 {[%emt 0:00:03]} Ne4 {[%emt 0:00:07]} 20. Nf3 {[%emt 0:00:05]} Nxc5 {[%emt 0:00:05]} 21. bxc5 {[%emt 0:00:02]} Rf7 {[%emt 0:00:16]} 22. Bd6 {[%emt 0:00:05]} Qd7 {[%emt 0:00:01]} 23. Bxf5 {[%emt 0:00:09]} Rxf5 {[%emt 0:00:01]} 24. Re3 {[%emt 0:00:07]} Re8 {[%emt 0:00:08]} 25. Rfe1 {[%emt 0:00:10]} Qf7 {[%emt 0:00:04]} 26. c3 {[%emt 0:00:05]} Bf8 {[%emt 0:00:03]} 27. Bxf8 {[%emt 0:00:05]} Kxf8 {[%emt 0:00:02]} 28. Ne5 {[%emt 0:00:08]} Nxe5 {[%emt 0:00:02]} 29. Rxe5 {[%emt 0:00:01]} Rxe5 {[%emt 0:00:06]} 30. Rxe5 {[%emt 0:00:18]} Ke7 {[%emt 0:00:01]} 31. Re3 {[%emt 0:00:13]} Rf8 {[%emt 0:00:06]} 32. Qe2 {[%emt 0:00:02]} Kd7 {[%emt 0:00:01]} 33. h3 {[%emt 0:00:01]} Qg6 {[%emt 0:00:08]} 34. Kh2 {[%emt 0:00:02]} Rf6 {[%emt 0:00:04]} 35. Rg3 {[%emt 0:00:03]} Qf5 {[%emt 0:00:06]} 36. Qb2 {[%emt 0:00:04]} Kc8 {[%emt 0:00:03]} 37. Qe2 {[%emt 0:00:19]} Qf4 {[%emt 0:00:04]} 38. Qd3 {[%emt 0:00:01]} Rf5 {[%emt 0:00:17]} 39. Qe3 {[%emt 0:00:01]} Qxe3 {[%emt 0:00:02]} 40. Rxe3 {[%emt 0:00:01]} Kd7 {[%emt 0:00:02]} 41. Kg1 {[%emt 0:00:07]} Ke7 {[%emt 0:00:03]} 42. g4 {[%emt 0:00:05]} Rf4 {[%emt 0:00:04]} 43. Kg2 {[%emt 0:00:01]} Rf7 {[%emt 0:00:15]} 44. Re2 {[%emt 0:00:02]} Rg7 {[%emt 0:00:02]} 45. Re5 {[%emt 0:00:02]} Rg6 {[%emt 0:00:04]} 46. Kg3 {[%emt 0:00:02]} Rf6 {[%emt 0:00:01]} 47. Re1 {[%emt 0:00:02]} Kf7 {[%emt 0:00:02]} 48. Rb1 {[%emt 0:00:01]} Kg6 {[%emt 0:00:02]} 49. Rxb7 {[%emt 0:00:01]} Rf1 {[%emt 0:00:01]} 50. Rb6 {[%emt 0:00:02]} Rc1 {[%emt 0:00:01]} 51. Kh4 {[%emt 0:00:04]} Rxc3 {[%emt 0:00:02]} 52. Rxc6 {[%emt 0:00:01]} Kf6 {[%emt 0:00:01]} 53. Rxa6 {[%emt 0:00:05]} Rc4 {[%emt 0:00:01]} 54. Ra8 {[%emt 0:00:07]} Rxd4 {[%emt 0:00:06]} 55. a6 Ra4 {[%emt 0:00:02]} 56. a7 {[%emt 0:00:02]} Kg7 {[%emt 0:00:03]} 57. c6 {[%emt 0:00:01]} 1-0

[Event "11th LCC Super Blitz KO 2019"]
[Site "London"]
[Date "2019.12.08"]
[Round "1.2"]
[White "Arkell, Keith C"]
[Black "Grover, Sahaj"]
[Result "0-1"]
[WhiteElo "2453"]
[BlackElo "2508"]
[Annotator "ChessBase"]
[PlyCount "76"]
[EventDate "2019.12.08"]
[EventType "k.o."]
[EventCountry "ENG"]
[SourceTitle "playchess.com"]
[Source "ChessBase"]
[SourceQuality "1"]
[TimeControl "180+2"]

1. d4 {[%emt 0:00:00]} d5 {[%emt 0:00:00]} 2. Nf3 {[%emt 0:00:01]} Nf6 {[%emt 0:00:00]} 3. c4 {[%emt 0:00:01]} e6 {[%emt 0:00:00]} 4. cxd5 {[%emt 0:00:01]} exd5 {[%emt 0:00:02]} 5. Nc3 {[%emt 0:00:01]} Bb4 {[%emt 0:00:05]} 6. Qa4+ {[%emt 0:00:01]} Nc6 {[%emt 0:00:01]} 7. Bg5 {[%emt 0:00:01]} h6 {[%emt 0:00:01]} 8. Bxf6 {[%emt 0:00:02]} Qxf6 {[%emt 0:00:01]} 9. e3 {[%emt 0:00:00]} O-O {[%emt 0:00:13]} 10. Be2 {[%emt 0:00:02]} Be6 {[%emt 0:00:30]} 11. a3 {[%emt 0:00:06]} Bxc3+ {[%emt 0:00:05]} 12. bxc3 {[%emt 0:00:01]} Ne7 {[%emt 0:00:02]} 13. c4 {[%emt 0:00:11]} c5 {[%emt 0:00:09]} 14. O-O {[%emt 0:00:10]} Rfc8 {[%emt 0:00:18]} 15. Rfc1 {[%emt 0:00:41]} b6 {[%emt 0:00:37]} 16. cxd5 {[%emt 0:00:29]} Nxd5 {[%emt 0:00:06]} 17. Ba6 {[%emt 0:00:03]} Rc7 {[%emt 0:00:04]} 18. Qd1 {[%emt 0:00:15]} Bg4 {[%emt 0:00:18]} 19. dxc5 {[%emt 0:00:11]} Bxf3 {[%emt 0:00:17]} 20. Qxf3 {[%emt 0:00:03]} Qxf3 {[%emt 0:00:01]} 21. gxf3 {[%emt 0:00:01]} bxc5 {[%emt 0:00:01]} 22. Rc2 {[%emt 0:00:07]} Rb8 {[%emt 0:00:18]} 23. Rac1 {[%emt 0:00:04]} Rb6 {[%emt 0:00:00]} 24. Bc4 {[%emt 0:00:01]} Nf6 {[%emt 0:00:13]} 25. Be2 {[%emt 0:00:06]} Nd7 {[%emt 0:00:04]} 26. f4 {[%emt 0:00:04]} Kf8 {[%emt 0:00:01]} 27. Bg4 {[%emt 0:00:03]} Rg6 {[%emt 0:00:01]} 28. f3 {[%emt 0:00:07]} f5 {[%emt 0:00:01]} 29. h3 {[%emt 0:00:24]} h5 {[%emt 0:00:01]} 30. e4 {[%emt 0:00:08]} fxg4 {[%emt 0:00:02]} 31. f5 {[%emt 0:00:00]} Ra6 {[%emt 0:00:04]} 32. hxg4 {[%emt 0:00:02]} hxg4 {[%emt 0:00:01]} 33. fxg4 {[%emt 0:00:02]} Rxa3 34. Kf2 {[%emt 0:00:01]} Ne5 {[%emt 0:00:02]} 35. Kg2 {[%emt 0:00:06]} c4 {[%emt 0:00:02]} 36. g5 {[%emt 0:00:01]} Re3 {[%emt 0:00:03]} 37. Rh1 {[%emt 0:00:11]} Rxe4 {[%emt 0:00:02]} 38. g6 {[%emt 0:00:05]} Ke7 {[%emt 0:00:11]} 0-1

[Event "11th LCC Super Blitz KO 2019"]
[Site "London"]
[Date "2019.12.08"]
[Round "1.2"]
[White "Kvetny, Mark"]
[Black "Gormally, Daniel W"]
[Result "0-1"]
[WhiteElo "2420"]
[BlackElo "2497"]
[Annotator "ChessBase"]
[PlyCount "82"]
[EventDate "2019.12.08"]
[EventType "k.o."]
[EventCountry "ENG"]
[SourceTitle "playchess.com"]
[Source "ChessBase"]
[SourceQuality "1"]
[TimeControl "180+2"]

1. c4 {[%emt 0:00:00]} e5 {[%emt 0:00:00]} 2. Nc3 {[%emt 0:00:00]} Nf6 {[%emt 0:00:00]} 3. Nf3 {[%emt 0:00:01]} Nc6 {[%emt 0:00:02]} 4. d3 {[%emt 0:00:01]} Bc5 {[%emt 0:00:03]} 5. g3 {[%emt 0:00:04]} O-O {[%emt 0:00:02]} 6. Bg2 {[%emt 0:00:02]} d6 {[%emt 0:00:00]} 7. O-O {[%emt 0:00:03]} a6 {[%emt 0:00:01]} 8. Bg5 {[%emt 0:00:06]} h6 {[%emt 0:00:01]} 9. Bxf6 {[%emt 0:00:01]} Qxf6 {[%emt 0:00:01]} 10. a3 {[%emt 0:00:06]} Ba7 {[%emt 0:00:10]} 11. b4 {[%emt 0:00:01]} Bg4 {[%emt 0:00:09]} 12. Nd2 {[%emt 0:00:03]} Bd4 {[%emt 0:00:21]} 13. Nd5 {[%emt 0:00:10]} Qd8 {[%emt 0:00:01]} 14. Rb1 {[%emt 0:00:05]} Rb8 {[%emt 0:00:02]} 15. h3 {[%emt 0:00:04]} Bh5 {[%emt 0:00:02]} 16. Nf3 {[%emt 0:00:51]} Ba7 {[%emt 0:00:12]} 17. g4 {[%emt 0:00:08]} Bg6 {[%emt 0:00:02]} 18. e3 {[%emt 0:00:32]} f5 {[%emt 0:00:04]} 19. gxf5 {[%emt 0:00:00]} Bxf5 {[%emt 0:00:01]} 20. b5 {[%emt 0:00:06]} axb5 {[%emt 0:00:04]} 21. cxb5 {[%emt 0:00:01]} Ne7 {[%emt 0:00:01]} 22. Nh4 {[%emt 0:00:22]} Bh7 {[%emt 0:00:17]} 23. Qg4 {[%emt 0:00:06]} Kh8 {[%emt 0:00:19]} 24. Nxe7 {[%emt 0:00:19]} Qxe7 {[%emt 0:00:01]} 25. Be4 {[%emt 0:00:01]} g5 {[%emt 0:00:02]} 26. Ng6+ {[%emt 0:00:02]} Bxg6 {[%emt 0:00:06]} 27. Bxg6 {[%emt 0:00:01]} d5 {[%emt 0:00:05]} 28. Rbc1 {[%emt 0:00:17]} Qf6 {[%emt 0:00:18]} 29. Qh5 {[%emt 0:00:02]} Qg7 {[%emt 0:00:07]} 30. e4 {[%emt 0:00:08]} Rf4 {[%emt 0:00:19]} 31. Bf5 {[%emt 0:00:05]} Bb6 {[%emt 0:00:12]} 32. Kg2 {[%emt 0:00:05]} Rf8 {[%emt 0:00:01]} 33. Rc2 {[%emt 0:00:02]} Bd4 {[%emt 0:00:06]} 34. Rxc7 {[%emt 0:00:09]} Qxc7 {[%emt 0:00:13]} 35. Qxh6+ {[%emt 0:00:01]} Kg8 {[%emt 0:00:01]} 36. Be6+ {[%emt 0:00:04]} R8f7 {[%emt 0:00:06]} 37. Qg6+ {[%emt 0:00:02]} Kf8 {[%emt 0:00:03]} 38. b6 {[%emt 0:00:02]} Qc2 {[%emt 0:00:15]} 39. Qh6+ {[%emt 0:00:05]} Ke7 {[%emt 0:00:06]} 40. Bxf7 {[%emt 0:00:00]} Rxf2+ {[%emt 0:00:05]} 41. Kg3 {[%emt 0:00:00]} Rg2+ {[%emt 0:00:03]} 0-1

[Event "11th LCC Super Blitz KO 2019"]
[Site "London"]
[Date "2019.12.08"]
[Round "1.2"]
[White "Harvey, Marcus R"]
[Black "Flear, Glenn C"]
[Result "1/2-1/2"]
[WhiteElo "2412"]
[BlackElo "2440"]
[Annotator "NA"]
[PlyCount "103"]
[EventDate "2019.12.08"]
[EventType "k.o."]
[EventCountry "ENG"]
[SourceTitle "playchess.com"]
[Source "ChessBase"]
[SourceQuality "1"]
[TimeControl "180+2"]

1. Nf3 {[%emt 0:00:00]} d5 {[%emt 0:00:00]} 2. b3 {[%emt 0:00:00]} Nf6 {[%emt 0:00:02]} 3. Bb2 {[%emt 0:00:00]} Bg4 {[%emt 0:00:03]} 4. e3 {[%emt 0:00:01]} Nbd7 {[%emt 0:00:01]} 5. h3 {[%emt 0:00:01]} Bh5 {[%emt 0:00:02]} 6. Be2 {[%emt 0:00:00]} e6 {[%emt 0:00:01]} 7. O-O {[%emt 0:00:02]} Bd6 {[%emt 0:00:03]} 8. c4 {[%emt 0:00:01]} c6 {[%emt 0:00:01]} 9. Nc3 {[%emt 0:00:01]} O-O {[%emt 0:00:02]} 10. d4 {[%emt 0:00:01]} a6 {[%emt 0:00:01]} 11. Nd2 {[%emt 0:00:08]} Bxe2 {[%emt 0:00:05]} 12. Qxe2 {[%emt 0:00:04]} Re8 {[%emt 0:00:05]} 13. e4 {[%emt 0:00:01]} e5 {[%emt 0:00:12]} 14. dxe5 {[%emt 0:00:19]} Bxe5 {[%emt 0:00:01]} 15. cxd5 {[%emt 0:00:02]} cxd5 {[%emt 0:00:02]} 16. Qf3 {[%emt 0:00:19]} dxe4 {[%emt 0:00:05]} 17. Qe2 {[%emt 0:00:25]} Nc5 {[%emt 0:00:11]} 18. Nc4 {[%emt 0:00:05]} Bc7 {[%emt 0:00:13]} 19. Rad1 {[%emt 0:00:02]} Qe7 {[%emt 0:00:02]} 20. Nd5 {[%emt 0:00:10]} Nxd5 {[%emt 0:00:04]} 21. Rxd5 {[%emt 0:00:02]} Nd3 {[%emt 0:00:04]} 22. Ba1 {[%emt 0:00:47]} Rad8 {[%emt 0:00:01]} 23. Qg4 {[%emt 0:00:05]} f6 {[%emt 0:00:02]} 24. Rxd8 {[%emt 0:00:03]} Rxd8 {[%emt 0:00:03]} 25. Ne3 {[%emt 0:00:02]} Ne5 {[%emt 0:00:24]} 26. Qxe4 {[%emt 0:00:03]} Bb8 {[%emt 0:00:13]} 27. Nf5 {[%emt 0:00:12]} Qd7 {[%emt 0:00:01]} 28. g3 {[%emt 0:00:12]} g6 {[%emt 0:00:06]} 29. Nh6+ {[%emt 0:00:08]} Kg7 {[%emt 0:00:02]} 30. Ng4 {[%emt 0:00:00]} Nxg4 {[%emt 0:00:10]} 31. hxg4 {[%emt 0:00:02]} Re8 {[%emt 0:00:00]} 32. Qf3 {[%emt 0:00:05]} Be5 {[%emt 0:00:02]} 33. Rd1 {[%emt 0:00:01]} Qc7 {[%emt 0:00:09]} 34. Bxe5 {[%emt 0:00:01]} Rxe5 {[%emt 0:00:01]} 35. Kg2 {[%emt 0:00:08]} Re7 {[%emt 0:00:04]} 36. Rd5 {[%emt 0:00:06]} Qc6 {[%emt 0:00:08]} 37. Rd3 {[%emt 0:00:03]} Qxf3+ {[%emt 0:00:04]} 38. Kxf3 {[%emt 0:00:01]} Kf7 {[%emt 0:00:02]} 39. Rd6 {[%emt 0:00:05]} Re6 {[%emt 0:00:07]} 40. Rd7+ {[%emt 0:00:01]} Re7 {[%emt 0:00:01]} 41. Rd6 {[%emt 0:00:00]} Re6 {[%emt 0:00:01]} 42. Rd7+ {[%emt 0:00:02]} Re7 {[%emt 0:00:01]} 43. Rxe7+ {[%emt 0:00:10]} Kxe7 {[%emt 0:00:01]} 44. Ke4 {[%emt 0:00:01]} Ke6 {[%emt 0:00:02]} 45. Kd4 {[%emt 0:00:03]} Kd6 {[%emt 0:00:08]} 46. b4 {[%emt 0:00:03]} b6 {[%emt 0:00:08]} 47. a4 {[%emt 0:00:02]} Kc6 {[%emt 0:00:06]} 48. f3 {[%emt 0:00:11]} Kd6 {[%emt 0:00:02]} 49. f4 {[%emt 0:00:03]} h6 {[%emt 0:00:05]} 50. b5 {[%emt 0:00:04]} axb5 {[%emt 0:00:06]} 51. axb5 {[%emt 0:00:01]} Ke6 {[%emt 0:00:02]} 52. Ke4 {[%emt 0:00:07] Ke5+} 1/2-1/2

[Event "11th LCC Super Blitz KO 2019"]
[Site "London"]
[Date "2019.12.08"]
[Round "1.2"]
[White "Beinoras, Mindaugas"]
[Black "Pert, Nicholas"]
[Result "0-1"]
[WhiteElo "2350"]
[BlackElo "2560"]
[Annotator "ChessBase"]
[PlyCount "110"]
[EventDate "2019.12.08"]
[EventType "k.o."]
[EventCountry "ENG"]
[SourceTitle "playchess.com"]
[Source "ChessBase"]
[SourceQuality "1"]
[TimeControl "180+2"]

1. d4 {[%emt 0:00:00]} Nf6 {[%emt 0:00:00]} 2. Bg5 {[%emt 0:00:00]} Ne4 {[%emt 0:00:00]} 3. Bh4 {[%emt 0:00:01]} g5 {[%emt 0:00:08]} 4. f3 {[%emt 0:00:00]} gxh4 {[%emt 0:00:04]} 5. fxe4 {[%emt 0:00:01]} d5 {[%emt 0:00:04]} 6. exd5 {[%emt 0:00:02]} Qxd5 {[%emt 0:00:01]} 7. e3 {[%emt 0:00:06]} Bh6 {[%emt 0:00:03]} 8. Nc3 {[%emt 0:00:03]} Qg5 {[%emt 0:00:02]} 9. Qd3 {[%emt 0:00:28]} Nc6 {[%emt 0:00:09]} 10. Nf3 {[%emt 0:00:05]} Qa5 {[%emt 0:00:21]} 11. a3 {[%emt 0:00:11]} Bg4 {[%emt 0:00:05]} 12. Kf2 {[%emt 0:00:15]} h3 {[%emt 0:00:05]} 13. Qb5 {[%emt 0:00:09]} hxg2 {[%emt 0:00:06]} 14. Bxg2 {[%emt 0:00:02]} Qxb5 {[%emt 0:00:07]} 15. Nxb5 {[%emt 0:00:01]} O-O-O {[%emt 0:00:01]} 16. Rhe1 {[%emt 0:00:07]} Rhg8 {[%emt 0:00:02]} 17. c4 {[%emt 0:00:06]} e6 {[%emt 0:00:03]} 18. Nc3 {[%emt 0:00:02]} f5 {[%emt 0:00:26]} 19. d5 {[%emt 0:00:19]} Na5 {[%emt 0:00:09]} 20. Ne5 {[%emt 0:00:03]} Bg7 {[%emt 0:00:11]} 21. Nxg4 {[%emt 0:00:19]} fxg4 {[%emt 0:00:01]} 22. Bf1 {[%emt 0:00:15]} Bxc3 {[%emt 0:00:05]} 23. bxc3 {[%emt 0:00:01]} exd5 {[%emt 0:00:00]} 24. cxd5 {[%emt 0:00:02]} Rxd5 {[%emt 0:00:01]} 25. Rad1 {[%emt 0:00:04]} Rf8+ {[%emt 0:00:05]} 26. Ke2 {[%emt 0:00:05]} Rdf5 {[%emt 0:00:03]} 27. Rd4 {[%emt 0:00:07]} Rf2+ {[%emt 0:00:08]} 28. Kd1 {[%emt 0:00:01]} Rxf1 {[%emt 0:00:01]} 29. Rxg4 {[%emt 0:00:02]} Rxe1+ {[%emt 0:00:05]} 30. Kxe1 {[%emt 0:00:01]} Rf7 {[%emt 0:00:03]} 31. Ke2 {[%emt 0:00:03]} Nc6 {[%emt 0:00:01]} 32. Rg5 {[%emt 0:00:01]} b6 {[%emt 0:00:01]} 33. h4 {[%emt 0:00:02]} Kd7 {[%emt 0:00:06]} 34. h5 {[%emt 0:00:02]} Ne7 {[%emt 0:00:00]} 35. e4 {[%emt 0:00:01]} Ke6 {[%emt 0:00:03]} 36. Ke3 {[%emt 0:00:02]} Nc6 {[%emt 0:00:07]} 37. Rg8 {[%emt 0:00:01]} Ne5 {[%emt 0:00:01]} 38. Re8+ {[%emt 0:00:03]} Kd6 {[%emt 0:00:06]} 39. Rh8 {[%emt 0:00:01]} Ng4+ {[%emt 0:00:04]} 40. Kd4 {[%emt 0:00:05]} c5+ {[%emt 0:00:01]} 41. Kc4 {[%emt 0:00:01]} Nf6 {[%emt 0:00:02]} 42. Rd8+ {[%emt 0:00:09]} Ke6 {[%emt 0:00:05]} 43. h6 {[%emt 0:00:05]} Nxe4 {[%emt 0:00:03]} 44. Re8+ {[%emt 0:00:01]} Re7 {[%emt 0:00:02]} 45. Ra8 {[%emt 0:00:08]} Nd6+ {[%emt 0:00:01]} 46. Kd3 {[%emt 0:00:09]} Nf5 {[%emt 0:00:01]} 47. Kc4 {[%emt 0:00:03]} Nxh6 {[%emt 0:00:01]} 48. Kb5 {[%emt 0:00:01]} Nf5 {[%emt 0:00:02]} 49. a4 {[%emt 0:00:00]} Nd6+ {[%emt 0:00:12]} 50. Ka6 {[%emt 0:00:01]} Ne4 {[%emt 0:00:02]} 51. c4 {[%emt 0:00:03]} Nd6 {[%emt 0:00:02]} 52. a5 {[%emt 0:00:05]} bxa5 {[%emt 0:00:04]} 53. Kxa5 {[%emt 0:00:02]} Nxc4+ {[%emt 0:00:04]} 54. Kb5 {[%emt 0:00:00]} Nb6 {[%emt 0:00:02]} 55. Rh8 {[%emt 0:00:02]} c4 {[%emt 0:00:01]} 0-1

[Event "11th LCC Super Blitz KO 2019"]
[Site "London"]
[Date "2019.12.08"]
[Round "1.2"]
[White "Wallace, John Paul"]
[Black "Dong, Bao Nghia"]
[Result "0-1"]
[WhiteElo "2344"]
[BlackElo "2217"]
[Annotator "NA"]
[PlyCount "58"]
[EventDate "2019.12.08"]
[EventType "k.o."]
[EventCountry "ENG"]
[SourceTitle "playchess.com"]
[Source "ChessBase"]
[SourceQuality "1"]
[TimeControl "180+2"]

1. d4 {[%emt 0:00:00]} Nf6 {[%emt 0:00:00]} 2. c4 {[%emt 0:00:00]} c5 {[%emt 0:00:00]} 3. d5 {[%emt 0:00:00]} b5 {[%emt 0:00:01]} 4. Qc2 {[%emt 0:00:01]} bxc4 {[%emt 0:00:01]} 5. e4 {[%emt 0:00:01]} d6 {[%emt 0:00:00]} 6. Bxc4 {[%emt 0:00:03]} g6 {[%emt 0:00:01]} 7. Nc3 {[%emt 0:00:01]} Bg7 {[%emt 0:00:01]} 8. Nf3 {[%emt 0:00:01]} O-O {[%emt 0:00:02]} 9. O-O {[%emt 0:00:01]} Ba6 {[%emt 0:00:01]} 10. Nd2 {[%emt 0:00:09]} Nfd7 {[%emt 0:00:02]} 11. Re1 {[%emt 0:00:07]} Nb6 {[%emt 0:00:01]} 12. Bxa6 {[%emt 0:00:03]} Nxa6 {[%emt 0:00:02]} 13. a3 {[%emt 0:00:11]} Nc7 {[%emt 0:00:03]} 14. Rb1 {[%emt 0:00:03]} f5 {[%emt 0:00:05]} 15. Nf3 {[%emt 0:00:19]} e6 {[%emt 0:00:13]} 16. dxe6 {[%emt 0:00:06]} Nxe6 {[%emt 0:00:02]} 17. exf5 {[%emt 0:00:06]} Nd4 {[%emt 0:00:01]} 18. Nxd4 {[%emt 0:00:09]} cxd4 {[%emt 0:00:02]} 19. Ne4 {[%emt 0:00:20]} Rxf5 {[%emt 0:00:03]} 20. Bd2 {[%emt 0:00:04]} Rc8 {[%emt 0:00:02]} 21. Qd3 {[%emt 0:00:01]} Nc4 {[%emt 0:00:25]} 22. Ng3 {[%emt 0:00:33]} Rf7 {[%emt 0:00:14]} 23. Bc1 {[%emt 0:00:20]} Ne5 {[%emt 0:00:06]} 24. Qb3 {[%emt 0:00:07]} Qh4 {[%emt 0:00:10]} 25. Re4 {[%emt 0:00:10]} Qf6 {[%emt 0:00:15]} 26. Rf4 {[%emt 0:00:10]} Rxc1+ {[%emt 0:00:01]} 27. Rxc1 {[%emt 0:00:03]} Qxf4 {[%emt 0:00:01]} 28. Rc8+ {[%emt 0:00:03]} Bf8 {[%emt 0:00:01]} 29. Qc2 {[%emt 0:00:08]} d3 {[%emt 0:00:02]} 0-1

[Event "11th LCC Super Blitz KO 2019"]
[Site "London"]
[Date "2019.12.08"]
[Round "1.2"]
[White "Zapolskis, Antanas"]
[Black "Rendle, Thomas E"]
[Result "1-0"]
[WhiteElo "2280"]
[BlackElo "2361"]
[Annotator "TA"]
[PlyCount "47"]
[EventDate "2019.12.08"]
[EventType "k.o."]
[EventCountry "ENG"]
[SourceTitle "playchess.com"]
[Source "ChessBase"]
[SourceQuality "1"]

{[%evp 16,47,24,18,34,27,32,12,21,18,24,12,16,-55,-46,-46,-35,-31,-43,-41,172,166,729,738,1432,1414,1312,1314,29984,29985,29985,29986,29986,29987]} 1. e4 e6 2. d4 d5 3. Nd2 Be7 4. Ngf3 Nf6 5. e5 Nfd7 6. Bd3 c5 7. c3 Nc6 8. O-O g5 9. dxc5 Ndxe5 {C06: French Tarrasch: 3...Nf6 4 e5 Nfd7 5 Bd3 main lines} 10. Nxe5 (10. Bc2 Ng6 11. b4 O-O 12. Re1 f5 13. Nb3 g4 14. b5 gxf3 15. bxc6 bxc6 16. Qxf3 e5 17. Bh6 {1-0 (51) Mista,A (2595)-Bartel,M (2604) Warsaw 2018}) 10... Nxe5 11. Bc2 Bxc5 {The position is equal.} 12. Nb3 Bb6 13. Qh5 h6 14. Nd4 ({White should play} 14. a4 $11) 14... Nc6 $146 ({Predecessor:} 14... Qf6 15. Be3 Bd7 16. a4 Nc4 17. Nb5 Bxb5 18. axb5 {½-½ (38) Womacka,M (2438)-Ceschia,I (2294) Deutschlandsberg 2018}) 15. Ba4 Bd7 16. Bxc6 bxc6 17. f4 {[%cal Rf4g5]} gxf4 $2 (17... Qf6 $15 {keeps the upper hand.}) 18. Bxf4 $40 {[%mdl 128] White wants a kill.} c5 $2 (18... Qe7) 19. Bd6 {[%csl Gf1][%cal Rh5f7]} Rh7 {[#]} 20. Rxf7 $1 {[%mdl 576] Clearance} Rxf7 21. Rf1 {[%csl Gf1][%cal Rh5f7]} Qg5 22. Qxf7+ {[%mdl 64] Double Attack. White mates.} Kd8 23. Qf8+ Be8 24. Nxe6+ {[%mdl 64] Double Attack} 1-0

[Event "11th LCC Super Blitz KO 2019"]
[Site "London"]
[Date "2019.12.08"]
[Round "1.2"]
[White "Bukojemski, Adam"]
[Black "McPhillips, Joseph"]
[Result "1/2-1/2"]
[WhiteElo "2219"]
[BlackElo "2434"]
[Annotator "NA RC"]
[PlyCount "72"]
[EventDate "2019.12.08"]
[EventType "k.o."]
[EventCountry "ENG"]
[SourceTitle "playchess.com"]
[Source "ChessBase"]
[SourceQuality "1"]
[TimeControl "180+2"]

1. Nf3 {[%emt 0:00:00]} Nf6 {[%emt 0:00:00]} 2. Nc3 {[%emt 0:00:00]} e6 {[%emt 0:00:01]} 3. g3 {[%emt 0:00:03]} d5 {[%emt 0:00:01]} 4. d3 {[%emt 0:00:01]} Be7 {[%emt 0:00:04]} 5. Bg2 {[%emt 0:00:02]} O-O {[%emt 0:00:01]} 6. O-O {[%emt 0:00:01]} c5 {[%emt 0:00:02]} 7. e4 {[%emt 0:00:01]} Nc6 {[%emt 0:00:02]} 8. e5 {[%emt 0:00:14]} Nd7 {[%emt 0:00:02]} 9. Bf4 {[%emt 0:00:01]} g5 {[%emt 0:00:13]} 10. Bd2 {[%emt 0:00:01]} Ndxe5 {[%emt 0:00:02]} 11. Nxe5 {[%emt 0:00:05]} Nxe5 {[%emt 0:00:01]} 12. Qh5 Ng6 {[%emt 0:00:08]} 13. Rae1 {[%emt 0:00:07]} f5 {[%emt 0:00:09]} 14. f4 {[%emt 0:00:17]} gxf4 {[%emt 0:00:08]} 15. Ne2 {[%emt 0:00:06]} fxg3 {[%emt 0:00:06]} 16. hxg3 {[%emt 0:00:01]} Bf6 {[%emt 0:00:07]} 17. c3 {[%emt 0:00:09]} Bd7 {[%emt 0:00:05]} 18. Bh6 {[%emt 0:00:08]} Bg7 {[%emt 0:00:06]} 19. Bxg7 {[%emt 0:00:06]} Kxg7 {[%emt 0:00:01]} 20. Kf2 {[%emt 0:00:05]} h6 {[%emt 0:00:05]} 21. Nf4 {[%emt 0:00:05]} Qg5 {[%emt 0:00:12]} 22. Qxg5 {[%emt 0:00:03]} hxg5 {[%emt 0:00:01]} 23. Nxe6+ {[%emt 0:00:01]} Bxe6 {[%emt 0:00:02]} 24. Rxe6 {[%emt 0:00:01]} Rad8 {[%emt 0:00:02]} 25. Rfe1 {[%emt 0:00:04]} Rf6 {[%emt 0:00:03]} 26. Re8 {[%emt 0:00:10]} Rfd6 {[%emt 0:00:05]} 27. R1e2 {[%emt 0:00:23]} Kf7 {[%emt 0:00:02]} 28. Rxd8 {[%emt 0:00:02]} Rxd8 {[%emt 0:00:01]} 29. Bf3 {[%emt 0:00:07]} b6 {[%emt 0:00:05]} 30. d4 {[%emt 0:00:03]} cxd4 {[%emt 0:00:08]} 31. cxd4 {[%emt 0:00:01]} f4 {[%emt 0:00:01]} 32. Rc2 {[%emt 0:00:03]} fxg3+ {[%emt 0:00:06]} 33. Kxg3 {[%emt 0:00:02]} Rd7 {[%emt 0:00:05]} 34. Kg4 {[%emt 0:00:03]} Nf4 {[%emt 0:00:03]} 35. Kxg5 {[%emt 0:00:01]} Ne6+ {[%emt 0:00:01]} 36. Kg4 {[%emt 0:00:03]} Nxd4 {[%emt 0:00:01]} 1/2-1/2